Neutralidad vs. militarización: Costa Rica y Honduras frente a la crisis regional
Sábháilte in:
| Príomhchruthaitheoir: | |
|---|---|
| Údar corparáideach: | |
| Formáid: | Téacs |
| Foilsithe / Cruthaithe: |
Florida:
Latin American and Caribbean Center
|
| Clibeanna: |
Cuir clib leis
Níl clibeanna ann, Bí ar an gcéad duine le clib a chur leis an taifead seo!
|
MARC
| LEADER | 00000 a a2200000 04500 | ||
|---|---|---|---|
| 001 | 25082 | ||
| 003 | |||
| 040 | |||
| 090 | |a 179800 | ||
| 100 | |a Rojas Aravena, Francisco | ||
| 110 | |a Facultad Latinoamericana de Ciencias Sociales | ||
| 245 | |a Neutralidad vs. militarización: Costa Rica y Honduras frente a la crisis regional | ||
| 260 | |a Florida: |b Latin American and Caribbean Center | ||
| 300 | |a 60 p. | ||
| 999 | |c 3005 |d 3005 | ||
